000 01114nas a2200301 4500
001 BR2015004045
003 BR-BrBNA
005 20231205125521.0
007 ta
008 230509b bl.|||p| |||| 00| 00por d
040 _aBR-BrBNA
_bpor
_cBiblioteca Nacional de Agricultura
041 _a(Pt)
072 _aF08
100 1 _aUnemoto, L.K.
100 1 _aYamamoto, L.Y.
100 1 _aLone, A.B.
100 1 _aAssis, A.M.
100 1 _aFaria, R.T.
111 1 _a16° Congresso Brasileiro de Floricultura e Plantas Ornamentais; 3° Congresso Brasileiro de Cultura de Tecidos de Plantas; 1° Simpósio de Plantas Ornamentais Nativas
_cGoiânia, GO (Brazil)
_d10-15 Sep 2007
245 1 _aCrescimento de rainha-do-abismo sob diferentes níveis de sombreamento
650 _aPLANTA ORNAMENTAL
650 _aPLANTA NATIVA
650 _aCULTIVO PROTEGIDO
650 _aRADIAÇÃO LUMINOSA
773 0 _tRevista Brasileira de Horticultura Ornamental (Brazil)
_xISSN 1809-6093
_g(Sep 2007), v. 13(Suplemento) p. 1782-1785
_wBR2015004045
909 _a202311
_bLúcia
_c55
_dLúcia Elande
942 _2AGRIS
_n0
_cANA
999 _c244748
_d244748